Szczegóły MARC21

Poradnik dla doktorantów i habilitantów /

003 -Nazwa inst., której nr kontr. jest w polu 001 [,]
    • @
    • Nazwa instytucji, której n kontrolny jest w polu 001
    • NUKAT
005 -DATA I CZAS OSTATNIEJ MODYFIKACJI [,]
    • @
    • pole kontrolne
    • 20260413133306.0
020 -Międzynarod. znormalizowany nr książki - ISBN [ , ]
    • a
    • Numer ISBN
    • 8385731644 Find
040 -Instytucja sporządzająca opis [ , ]
    • a
    • Instytucja, która sporządziła opis (NP)
    • LUBL 58/LL
    • c
    • Instytucja, która sporządziła rekord (NP)
    • LUBL 58/LL
    • d
    • Instytucja, która zmodyfikowała rekord (P)
    • LUBL 58/MN
    • d
    • Instytucja, która zmodyfikowała rekord (P)
    • GD 015/EOs
    • d
    • Instytucja, która zmodyfikowała rekord (P)
    • GL 001/JK
    • d
    • Instytucja, która zmodyfikowała rekord (P)
    • KR U/42JCs
942 -Rodzaj dokumentu [ , ]
    • c
    • Rodzaj dokumentu
    • Książka
100 -Hasło główne - nazwa osobowa [1, ]
    • a
    • Nazwa osobowa (NP)
    • Kolman, Romuald
    • d
    • Daty biograficzne (NP)
    • (1922-2016).
    • 9
    • KHW
    • 27954
245 -Strefa tytułu i oznaczenia odpowiedzialności [1,0]
    • a
    • Tytuł
    • Poradnik dla doktorantów i habilitantów / Find
    • c
    • Pozostałe elementy strefy tytułu i oznaczenia odpowiedzialności (NP)
    • Romuald Kolman.
260 -Strefa adresu wydawniczego [ , ]
    • a
    • Miejsce wydania (P)
    • Bydgoszcz :
    • b
    • Nazwa wydawcy (P)
    • Oficyna Wydawnicza Ośrodka Postępu Organizacyjnego,
    • c
    • Data wydania (P)
    • 1994.
300 -Strefa opisu fizycznego [ , ]
    • a
    • Określenie formy książki i/lub objętość (NP)
    • 289, [4] s. :
    • b
    • Oznaczenie ilustracji (NP)
    • il. ;
    • c
    • Format (NP)
    • 21 cm.
336 -Typ zawartości [ , ]
    • a
    • Termin opisujący typ zawartości
    • Tekst
    • b
    • Kod określający zawartość
    • txt
    • 2
    • Źródło (terminu i kodu)
    • rdacontent
337 -Typ mediów [ , ]
    • a
    • Tryb odtwarzania
    • Bez urządzenia pośredniczącego
    • b
    • Kod typu mediów
    • n
    • 2
    • Źródło (terminu i kodu)
    • rdamedia
338 -Typ/rodzaj nośnika [ , ]
    • a
    • Hasło opisujące typ nośnika
    • Wolumin
    • b
    • Kod typu nośnika
    • nc
    • 2
    • Źródło (terminu i kodu)
    • rdacarrier
380 -Deskryptor - Forma dzieła (P) [ , ]
    • a
    • forma dzieła (NP)
    • Książki
380 -Deskryptor - Forma dzieła (P) [ , ]
    • a
    • forma dzieła (NP)
    • Poradniki i przewodniki
388 -Deskryptor - czas powstania dzieła (P) [1, ]
    • a
    • Czas powstania dzieła (NP)
    • 1901-2000
388 -Deskryptor - czas powstania dzieła (P) [1, ]
    • a
    • Czas powstania dzieła (NP)
    • 1989-2000
504 -Uwaga dot. bibliogr. załącznikowej [ , ]
    • a
    • Uwaga dot. bibliografii załącznikowej
    • Bibliogr. s. 272-275. Skorowidz.
080 -Uniwersalna Klasyfikacja Dziesiętna [ , ]
    • a
    • Symbol klasyfikacji
    • 378.245
    • 2
    • Identyfikator wydania tablic
    • UDC-P058
    • 9
    • UKD
    • 3959
    • b
    • Dopowiedzenie
    • Stopnie naukowe uzyskiwane na podstawie dysertacji. Prace doktorskie i habilitacyjne. Wymagania dotyczące prac (rozpraw) naukowych.
    • 4
    • UKD2
    • 8168
    • x
    • Poddział wspólny
    • (083.1)
    • c
    • Dopowiedzenie poddz. wspólnego
    • (Przepisy. Instrukcje. Poradniki praktyczne).
650 -Hasło przedmiotowe [ ,7]
    • a
    • Hasło przedmiotowe
    • Dysertacje naukowe
    • 2
    • Źródło terminu
    • DBN
    • 9
    • KHW
    • 744828
650 -Hasło przedmiotowe [ ,7]
    • a
    • Hasło przedmiotowe
    • Informator
    • 2
    • Źródło terminu
    • DBN
    • 9
    • KHW
    • 739095
650 -Hasło przedmiotowe [ ,7]
    • a
    • Hasło przedmiotowe
    • Pisanie tekstów akademickich
    • 2
    • Źródło terminu
    • DBN
    • 9
    • KHW
    • 745140
650 -Hasło przedmiotowe [ ,7]
    • a
    • Hasło przedmiotowe
    • Szkolnictwo wyższe
    • 2
    • Źródło terminu
    • DBN
    • 9
    • KHW
    • 721655
650 -Hasło przedmiotowe [ ,7]
    • a
    • Hasło przedmiotowe
    • Rozprawy akademickie
    • v
    • Określnik formalny
    • poradniki.
    • 2
    • Źródło terminu
    • kaba
    • 9
    • KHW
    • 352665
655 -Hasło w funkcji tematu formalnego [ ,7]
    • a
    • Hasło
    • Poradnik
    • 2
    • Źródło terminu
    • DBN
    • 9
    • KHW
    • 721725
658 -Ujęcie treści [ , ]
    • a
    • dziedzina nauki i sztuki/ sfera aktywności życiowej
    • Nauka i badania
980 -Symbol UKD [ , ]
    • a
    • UKD
    • 378.245(083.1)
710 -Hasło dodatkowe - nazwa ciała zbiorowego [2, ]
    • a
    • Nazwa ciała zbiorowego lub nazwa geograficzna jako pierwszy element (NP)
    • Towarzystwo Naukowe Organizacji i Kierownictwa.
    • b
    • Nazwa jednostki podrzędnej (P)
    • Oddział (Bydgoszcz).
    • b
    • Nazwa jednostki podrzędnej (P)
    • Ośrodek Postępu Organizacyjnego.
    • b
    • Nazwa jednostki podrzędnej (P)
    • Oficyna Wydawnicza.
    • 4
    • Kod relacji
    • pbl
    • 9
    • KHW
    • 61955
920 -ISBN [ , ]
    • a
    • ISBN
    • 83-85731-64-4 Find
Sygnatura Numer inwentarzowy Status udost. Lokalizacja Data inwentaryzacji
Z.86385Z.863851BG1995-11-07
 Z.1129291BG2009-04-23